Statistiche per Marcatori dell'Inter in UEFA Europa League 2012-2013

Clicka qui per fare il quiz!

Statistiche generali

  • Questo quiz è stato fatto 3 volte
  • Il punteggio medio è 12 su 19

Statistiche sulle risposte

PartitaMinutoMarcatore% Corretto
Inter - Tottenham 4-1110'Ricardo Álvarez
100%
Inter - Cluj 2-087'Rodrigo Palacio
100%
Inter - Cluj 2-019'Rodrigo Palacio
100%
Inter - Partizan 1-087'Rodrigo Palacio
100%
Partizan - Inter 1-351'Rodrigo Palacio
100%
Partizan - Inter 1-375'Rodrigo Palacio
100%
Partizan - Inter 1-387'Fredy Guarín
67%
Inter - Neftçi 2-054'Marko Livaja
67%
Inter - Rubin Kazan 2-239'Marko Livaja
67%
Neftçi - Inter 1-342'Marko Livaja
67%
Inter - Neftçi 2-09'Marko Livaja
67%
Inter - Rubin Kazan 2-292'Yūto Nagatomo
67%
Inter - Tottenham 4-120'Antonio Cassano
33%
Cluj - Inter 0-322'Fredy Guarín
33%
Cluj - Inter 0-348'Fredy Guarín
33%
Cluj - Inter 0-389'Marco Benassi
33%
Inter - Tottenham 4-152'Rodrigo Palacio
33%
Neftçi - Inter 1-330'Joel Obi
0%
Neftçi - Inter 1-310'Philippe Coutinho
0%

Distribuzione punteggi

Percentile per numero di risposta

Percentuale di utenti per punteggio

I tuoi punteggi nel tempo

Non hai fatto questo quiz